Score 0/8 Timer 01:30
2 Plays Today
% Correct
Popsicle (Ice pop)
93.2%
Doughnut
92.4%
Cotton Candy (Candy Floss, Fairy Floss)
89.6%
Angel Food Cake
88.1%
Chocolate Candy (Dark Chocolate)
87.1%
Butter Cookies (Danish Biscuits)
85.6%
Pixy Stix
76.6%
Sugar Cookies
67.8%

Today's Daily Dose

Missing Word
The Unexplained

Quick Pick
Sunday Things

Get the Picture
Beat It or Eat It?

You're not logged in!

Compare scores with friends on all Sporcle quizzes.
OR
Log In

Sporcle TV

Today on Sporcle TV


Watch our educational content, quiz creation guides, and fun videos on Sporcle TV.

Show Comments

Extras

Top Quizzes Today


Score Distribution

Paid Content

Your Account Isn't Verified!

In order to create a playlist on Sporcle, you need to verify the email address you used during registration. Go to your Sporcle Settings to finish the process.

Report this User

Report this user for behavior that violates our Community Guidelines.

Details: